Ideology in discourses
Guardat en:
| Autor principal: | |
|---|---|
| Format: | Llibre |
| Idioma: | anglès |
| Publicat: |
Londres
Routledge
2008
|
| Edició: | 3a. ed |
| Col·lecció: | Social Linguistics and Literacies
|
| Matèries: | |
| Etiquetes: |
Afegir etiqueta
Sense etiquetes, Sigues el primer a etiquetar aquest registre!
|
MARC
| LEADER | 00000cam a2200000 a 4500 | ||
|---|---|---|---|
| 001 | UCC6920 | ||
| 003 | CL-VaPUC | ||
| 008 | 190118e20080000uk |||||||||||||||||eng|d | ||
| 020 | |a 9780415427753 | ||
| 082 | 0 | 4 | |a 401.41 |b GEE |2 21 |
| 100 | |a Gee, James Paul |e author |9 601452 | ||
| 245 | 1 | 0 | |a Ideology in discourses |
| 250 | |a 3a. ed | ||
| 300 | |a 248 p | ||
| 942 | |c BK | ||
| 945 | |d 20190118 13:18:00 |a dcastane | ||
| 260 | |a Londres |b Routledge |c 2008 | ||
| 650 | 0 | |a Análisis del discurso |9 256696 | |
| 650 | 0 | |a Oratoria |9 307605 | |
| 650 | 0 | |a Lingüística aplicada |9 313266 | |
| 583 | |a last modification |c 20190118 13:18:00 |k Rodrigo Vera | ||
| 490 | 0 | |a Social Linguistics and Literacies | |
| 999 | |c 373745 |d 373743 | ||
| 952 | |0 0 |1 0 |3 erd |4 0 |6 401_410000000000000_GEE_2008 |7 0 |8 A |9 491972 |a BIBMAT |b BIBMAT |c E_DIDACT |i 5529999 |l 2 |m 1 |o 401.41 GEE 2008 |p 5529999 |r 2025-01-07 |s 2021-12-14 |w 2019-11-24 |y BK |z Catalogado en:20190118 |k MAT | ||